书目信息 |
| 题名: |
集团公司理财
|
|
| 作者: | 张志刚 , 张志刚 著 | |
| 分册: | ||
| 出版信息: | 北京 中国财政经济出版社 2001 |
|
| 页数: | 468页 | |
| 开本: | 21cm | |
| 丛书名: | 中国经济丛书 | |
| 单 册: | ||
| 中图分类: | F276.4 | |
| 科图分类: | ||
| 主题词: | 企业集团--财务管理 , 企业集团 , 财务管理 | |
| 电子资源: | ||
| ISBN: | 7-5005-5256-4 | |
| 000 | 01184nam0 2200361 450 | |
| 000 | 01149nam0 2200349 450 | |
| 000 | 01112nam0 2200337 450 | |
| 000 | 01018nam0 2200325 450 | |
| 000 | 00981nam0 2200313 450 | |
| 000 | 00914oam2 2200289 450 | |
| 001 | 0104000022 | |
| 005 | 20061023084926.54 | |
| 010 | @a7-5005-5256-4@dCNY35.00 | |
| 100 | @a20051012d2001 em y0chiy0110 ea | |
| 101 | 0 | @achi |
| 102 | @aCN@b110000 | |
| 105 | @ay z 000yy | |
| 200 | 1 | @a集团公司理财@Aji tuan gong si li cai@f张志刚等著@Fzhang zhi gang deng zhu |
| 210 | @a北京@c中国财政经济出版社@d2001 | |
| 215 | @a468页@d21cm | |
| 225 | 2 | @a中国经济丛书 |
| 330 | @a本书内容包括:集团公司的理财环境及理财目标;集团公司合并报表的分析利用;集团公司理财的基本内容及现金流管理;集团公司跨国理财问题等。 | |
| 461 | 0 | @12001 @a中国经济丛书 |
| 606 | 0 | @a企业集团@x财务管理 |
| 606 | 0 | @a企业集团 |
| 606 | 0 | @a财务管理 |
| 690 | @aF276.4@v4 | |
| 701 | 0 | @a张志刚@9zhang zhi gang@4著 |
| 701 | 0 | @a张志刚@Azhang zhi gang@4著 |
| 801 | 0 | @aCN@b北京荣雅伟业图书经销中心@c20061023 |
| 905 | @aBZT@dF276.4@e1 | |
| 906 | @dCNY35.00@n0@r1 | |
| 集团公司理财/张志刚等著.-北京:中国财政经济出版社,2001 |
| 468页;21cm.-(中国经济丛书) |
| ISBN 7-5005-5256-4:CNY35.00 |
| 本书内容包括:集团公司的理财环境及理财目标;集团公司合并报表的分析利用;集团公司理财的基本内容及现金流管理;集团公司跨国理财问题等。 |
| ● |
| 相关链接 |
|
|
|
正题名:集团公司理财
索取号:F276.4/1
 
预约/预借
| 序号 | 登录号 | 条形码 | 馆藏地/架位号 | 状态 | 备注 |
| 1 | 505976 | 230069108 | 中心书库北库/ 北库014架B面1列1层8/ [索取号:F276.4/1] | 在馆 | |
| 2 | 505977 | 230069107 | 中心书库北库/ 北库014架B面1列1层7/ [索取号:F276.4/1] | 在馆 | |
| 3 | 505978 | 230069105 | 中心书库北库/ 北库014架B面1列1层6/ [索取号:F276.4/1] | 在馆 | |
| 4 | 505979 | 230069106 | 中心书库北库/ 北库014架B面1列1层5/ [索取号:F276.4/1] | 在馆 | |
| 5 | 505980 | 230069104 | 中心书库北库/ 北库014架B面1列1层9/ [索取号:F276.4/1] | 在馆 |